[Event "MCRE_CF15"]
[Site "?"]
[Date "2007.??.??"]
[Round "2"]
[White "Pirhala, Ladislav"]
[Black "Koehler, Josef"]
[Result "1/2-1/2"]
[WhiteElo "2120"]
[BlackElo "2176"]
[PlyCount "144"]
[EventDate "2007.??.??"]
[SourceDate "2007.05.01"]

1. e4 c6 2. d4 d5 3. Nc3 dxe4 4. Nxe4 Bf5 5. Ng3 Bg6 6. h4 h6 7. Nf3 Nf6 8. Ne5
Bh7 9. Bd3 Bxd3 10. Qxd3 e6 11. Bd2 Nbd7 12. f4 Bd6 13. O-O-O Qc7 14. Rhf1 Rd8
15. Ne4 Nxe4 16. Qxe4 O-O 17. g4 c5 18. Nxd7 Rxd7 19. Bc3 Rfd8 20. g5 cxd4 21.
Rxd4 Bc5 22. Rxd7 Qxd7 23. gxh6 Qd5 24. Qxd5 Rxd5 25. Bxg7 Be3+ 26. Kb1 Rf5 27.
Rd1 Rxf4 28. h5 Kh7 29. c3 a6 30. b4 Rf5 31. a4 Rd5 32. Kc2 Bxh6 33. Bxh6 Kxh6
34. c4 Rxh5 35. Rd6 a5 36. Rd7 Kg6 37. Rxb7 axb4 38. Rxb4 Ra5 39. Kb3 f5 40.
Rb6 Kf6 41. Kb4 Ra8 42. c5 Ke5 43. Rb7 f4 44. Rf7 Ke4 45. c6 e5 46. c7 Kf3 47.
a5 e4 48. Kb5 e3 49. Kc6 Re8 50. Re7 Rxe7 51. c8=Q e2 52. Qh3+ Ke4 53. Qh1+ Ke3
54. a6 f3 55. Qg1+ Kf4 56. Qd4+ Re4 57. Qd2+ Kg3 58. a7 Re8 59. Kb5 Kg2 60. Qe1
f2 61. Qxe2 Rxe2 62. a8=Q+ Re4 63. Qxe4+ Kg1 64. Qg6+ Kh1 65. Qc6+ Kh2 66. Qf3
Kg1 67. Qg4+ Kh1 68. Qd1+ Kg2 69. Qd5+ Kg1 70. Qc5 Kg2 71. Qg5+ Kh1 72. Qc1+
Kg2 1/2-1/2

[Event "MCRE_CF15"]
[Site "?"]
[Date "2007.??.??"]
[Round "1"]
[White "Pirhala, Ladislav"]
[Black "Nigrin, Jiri"]
[Result "1/2-1/2"]
[WhiteElo "2120"]
[BlackElo "2002"]
[PlyCount "64"]
[EventDate "2007.??.??"]
[SourceDate "2007.05.01"]

1. e4 c5 2. Nf3 Nc6 3. d4 cxd4 4. Nxd4 Nf6 5. Nc3 e5 6. Ndb5 d6 7. Bg5 a6 8.
Na3 b5 9. Nd5 Qa5+ 10. Bd2 Qd8 11. Bg5 Qa5+ 12. Bd2 Qd8 13. Bd3 Nxd5 14. exd5
Ne7 15. c4 g6 16. cxb5 Bg7 17. bxa6 O-O 18. Nb5 Bxa6 19. O-O Nxd5 20. Qb3 Nf4
21. Bxf4 exf4 22. Rfe1 Be5 23. a4 Qf6 24. Rab1 Rab8 25. Qa2 Rfd8 26. b4 f3 27.
g3 d5 28. Rec1 Bxb5 29. Bxb5 Bc3 30. Bf1 Rxb4 31. Rxb4 Bxb4 32. Qb3 Ba5 1/2-1/2

[Event "MCRE_CF15"]
[Site "?"]
[Date "2007.??.??"]
[Round "2"]
[White "Pirhala, Ladislav"]
[Black "Stika, Vaclav"]
[Result "1-0"]
[WhiteElo "2120"]
[BlackElo "2150"]
[PlyCount "133"]
[EventDate "2007.??.??"]
[SourceDate "2007.05.01"]

1. e4 e5 2. Nf3 Nc6 3. Bb5 a6 4. Ba4 Nf6 5. O-O Nxe4 6. d4 b5 7. Bb3 d5 8. dxe5
Be6 9. c3 Be7 10. Nbd2 O-O 11. Bc2 f5 12. Nb3 Qd7 13. Nbd4 Nxd4 14. Nxd4 c5 15.
Nxe6 Qxe6 16. f3 Ng5 17. a4 Rad8 18. axb5 axb5 19. Bxg5 Bxg5 20. f4 Be7 21. Kh1
Kh8 22. Qd3 Qb6 23. g4 c4 24. Qh3 Qc6 25. Bxf5 g6 26. Bc2 d4+ 27. Qf3 Qxf3+ 28.
Rxf3 b4 29. f5 d3 30. Bd1 bxc3 31. bxc3 Bg5 32. Ra5 Rc8 33. f6 Bd2 34. Rd5 Bxc3
35. g5 Rc6 36. Rd7 Bxe5 37. Rh3 Bxf6 38. gxf6 Rfxf6 39. Rhxh7+ Kg8 40. Rdg7+
Kf8 41. Ra7 Kg8 42. Rhg7+ Kf8 43. Rgd7 Rc8 44. Kg2 Rf5 45. Bg4 Rg5 46. Kf3 Re8
47. Rac7 Rge5 48. Rxc4 Re3+ 49. Kf4 R8e7 50. Rcd4 Rxd7 51. Rxd7 Re2 52. h3 Re7
53. Rxd3 Kg7 54. Rd6 Re1 55. Bf3 Rf1 56. h4 Rg1 57. Ke3 Rf1 58. Rd7+ Kf6 59.
Rc7 Re1+ 60. Kf4 Rf1 61. Rb7 Ra1 62. Be4 Rf1+ 63. Kg3 Rg1+ 64. Kh3 Ke5 65. Rb4
Kf6 66. Rb5 Kg7 67. Rg5 1-0

[Event "MCRE_CF15"]
[Site "?"]
[Date "2007.??.??"]
[Round "1"]
[White "Pirhala, Ladislav"]
[Black "Volf, Michal"]
[Result "1-0"]
[WhiteElo "2120"]
[BlackElo "1893"]
[PlyCount "57"]
[EventDate "2007.??.??"]
[SourceDate "2007.05.01"]

1. e4 e5 2. Nf3 Nc6 3. Bb5 Nf6 4. O-O Nxe4 5. d4 Be7 6. Qe2 Nd6 7. Bxc6 bxc6 8.
dxe5 Nb7 9. Nc3 O-O 10. Re1 Nc5 11. Be3 Ne6 12. Rad1 d5 13. exd6 cxd6 14. Ne4
d5 15. c4 Ba6 16. Qc2 Bxc4 17. b3 Qa5 18. Neg5 Bxg5 19. Nxg5 Nxg5 20. Bxg5 Ba6
21. Be7 Rfc8 22. Re3 Qc7 23. Qc3 Re8 24. Rde1 Qb6 25. Qe5 Rac8 26. Rg3 g6 27.
Rf3 Qa5 28. h4 Qd2 29. Ree3 1-0

[Event "MCRE_CF15"]
[Site "?"]
[Date "2007.??.??"]
[Round "?"]
[White "Stika, Vaclav"]
[Black "Berko, Michal"]
[Result "1/2-1/2"]
[WhiteElo "2150"]
[BlackElo "2045"]
[PlyCount "79"]
[EventDate "2007.??.??"]
[SourceDate "2007.05.01"]

1. e4 e5 2. Nf3 Nf6 3. Nxe5 d6 4. Nf3 Nxe4 5. Nc3 Nf6 6. d4 Be7 7. h3 O-O 8.
Bd3 Re8 9. O-O c6 10. Re1 Nbd7 11. Bf4 Nb6 12. b3 Be6 13. Ng5 Bd5 14. Nxd5
Nbxd5 15. Bd2 Nc7 16. Qf3 a5 17. Rab1 g6 18. c4 d5 19. Bf4 Na6 20. cxd5 cxd5
21. Bb5 Rf8 22. Qe3 Nh5 23. Qxe7 Nxf4 24. Qxd8 Raxd8 25. Re7 Nb4 26. g3 Nxa2
27. Ra1 Nc3 28. Bf1 h6 29. Nf3 Ne6 30. Rxa5 Ra8 31. Rxa8 Rxa8 32. Ne5 Nxd4 33.
Nxf7 Kf8 34. Rxb7 Nf3+ 35. Kg2 Ne1+ 36. Kh1 Ra2 37. Ne5 Rxf2 38. Nxg6+ Kg8 39.
Kg1 Ne4 40. Ne5 1/2-1/2

[Event "MCRE_CF15"]
[Site "?"]
[Date "2007.??.??"]
[Round "1"]
[White "Stika, Vaclav"]
[Black "Cernovsky, Karel"]
[Result "1/2-1/2"]
[WhiteElo "2150"]
[BlackElo "1600"]
[PlyCount "69"]
[EventDate "2007.??.??"]
[SourceDate "2007.05.01"]

1. e4 e5 2. Nf3 Nc6 3. Bb5 a6 4. Ba4 Nf6 5. O-O Be7 6. Re1 b5 7. Bb3 d6 8. c3
O-O 9. h3 Na5 10. Bc2 c5 11. d4 Qc7 12. Nbd2 cxd4 13. cxd4 Bb7 14. d5 Rac8 15.
Bd3 Nd7 16. Nf1 f5 17. exf5 Bxd5 18. Ng5 Bxg5 19. Bxg5 Ba8 20. Qg4 Kh8 21. Rac1
Nc6 22. Ne3 Nf6 23. Bxf6 gxf6 24. Be4 Qb8 25. Nd5 Nd4 26. Rc3 b4 27. Rg3 Rg8
28. Qh4 Rxg3 29. fxg3 Rf8 30. g4 Qa7 31. Kh2 Bxd5 32. Bxd5 Qg7 33. Rc1 Rb8 34.
Rc4 a5 35. Kh1 1/2-1/2

[Event "MCRE_CF15"]
[Site "?"]
[Date "2007.??.??"]
[Round "2"]
[White "Stika, Vaclav"]
[Black "Koehler, Josef"]
[Result "1-0"]
[WhiteElo "2150"]
[BlackElo "2176"]
[PlyCount "107"]
[EventDate "2007.??.??"]
[SourceDate "2007.05.01"]

1. e4 c6 2. d4 d5 3. Nd2 dxe4 4. Nxe4 Bf5 5. Ng3 Bg6 6. Nf3 Nd7 7. h4 h6 8. h5
Bh7 9. Bd3 Bxd3 10. Qxd3 e6 11. Bf4 Ngf6 12. O-O-O Be7 13. Ne4 Nxe4 14. Qxe4
Nf6 15. Qd3 Qd5 16. c4 Qe4 17. Qxe4 Nxe4 18. Be3 Rd8 19. Ne5 Rg8 20. g4 Bd6 21.
Kc2 Nf6 22. Rhg1 a5 23. f4 Ke7 24. Bf2 Ke8 25. a4 Nd7 26. Be1 Bc7 27. Bh4 f6
28. Nd3 Kf7 29. Bf2 g6 30. hxg6+ Rxg6 31. f5 exf5 32. gxf5 Rg5 33. Be3 Rh5 34.
Nf2 Nb6 35. b3 Nc8 36. Rh1 Rxf5 37. Ng4 Rf3 38. Rdf1 Rxf1 39. Rxf1 h5 40. Nxf6
Kg6 41. Ne4 h4 42. Rf6+ Kh5 43. Rf7 Nd6 44. Rh7+ Kg6 45. Rxh4 Nf5 46. Rg4+ Kf7
47. Bg1 Bb6 48. Kc3 Rh8 49. Rf4 Kg6 50. Nf2 Ne7 51. Nd3 Rh3 52. Rf1 Bc7 53. Re1
Nf5 54. d5 1-0

[Event "MCRE_CF15"]
[Site "?"]
[Date "2007.??.??"]
[Round "1"]
[White "Stika, Vaclav"]
[Black "Nigrin, Jiri"]
[Result "0-1"]
[WhiteElo "2150"]
[BlackElo "2002"]
[PlyCount "84"]
[EventDate "2007.??.??"]
[SourceDate "2007.05.01"]

1. e4 c5 2. Nf3 d6 3. d4 cxd4 4. Nxd4 Nf6 5. Nc3 a6 6. f4 e5 7. Nf3 Nbd7 8. a4
Qc7 9. Bd3 Nc5 10. O-O Be7 11. Bc4 O-O 12. Qe2 Bd7 13. a5 Rac8 14. Ba2 Na4 15.
Nd5 Nxd5 16. Bxd5 exf4 17. Qf2 Bf6 18. c3 Be5 19. Ng5 h6 20. Nxf7 Rxf7 21.
Bxf7+ Kxf7 22. Bxf4 Bxf4 23. Qxf4+ Kg8 24. Rf2 Nc5 25. Rd1 Bc6 26. e5 d5 27.
Qg4 Re8 28. Qf5 Ne4 29. Rf4 Qxa5 30. Qf7+ Kh8 31. Kh1 Qc5 32. Rdf1 Rxe5 33. Rg4
Ng5 34. Qf4 Re2 35. h4 Ne6 36. Qf7 Qe3 37. Qg6 Re1 38. Rxe1 Qxe1+ 39. Kh2 Qe5+
40. Kh1 d4 41. cxd4 Nxd4 42. Qd3 Ne2 0-1

[Event "MCRE_CF15"]
[Site "?"]
[Date "2007.??.??"]
[Round "1"]
[White "Stika, Vaclav"]
[Black "Pirhala, Ladislav"]
[Result "0-1"]
[WhiteElo "2150"]
[BlackElo "2120"]
[PlyCount "120"]
[EventDate "2007.??.??"]
[SourceDate "2007.05.01"]

1. e4 c5 2. Nf3 d6 3. d4 cxd4 4. Nxd4 Nf6 5. Nc3 a6 6. Be2 e5 7. Nb3 Be7 8. O-O
O-O 9. Be3 Be6 10. f4 exf4 11. Bxf4 Nc6 12. Kh1 Rc8 13. Qe1 Ng4 14. Rd1 Bh4 15.
Bg3 Bxg3 16. Qxg3 Nge5 17. Nd5 Bxd5 18. exd5 Ne7 19. c3 Qd7 20. Nd4 Rc5 21. Nf3
N5g6 22. Nd2 Rxd5 23. Bf3 Rb5 24. b3 Nf5 25. Qf2 Qc7 26. Nc4 Rc5 27. Be4 b5 28.
Nb6 Qxb6 29. b4 Ng3+ 30. Qxg3 Re5 31. Bc2 Qc6 32. Rd4 Kh8 33. Bb3 Ne7 34. Bc2
f5 35. Bb3 h6 36. c4 Rf6 37. Qf2 Qb6 38. cxb5 axb5 39. Qd2 d5 40. Rd3 Qd6 41.
Qf4 Rfe6 42. Kg1 Kh7 43. a3 Ng8 44. Qd4 Nf6 45. h3 Qd7 46. Bc2 Re4 47. Qc5 Rc4
48. Qf2 Re5 49. Bb3 Rce4 50. Bd1 g6 51. g4 g5 52. gxf5 d4 53. Qd2 Nd5 54. Bf3
Nf4 55. Bxe4 Rxe4 56. Rff3 Re2 57. Qd1 Qc6 58. a4 bxa4 59. b5 Qe4 60. Kf1 h5
0-1

[Event "MCRE_CF15"]
[Site "?"]
[Date "2007.??.??"]
[Round "1"]
[White "Stika, Vaclav"]
[Black "Volf, Michal"]
[Result "1/2-1/2"]
[WhiteElo "2150"]
[BlackElo "1893"]
[PlyCount "52"]
[EventDate "2007.??.??"]
[SourceDate "2007.05.01"]

1. e4 e5 2. Nf3 Nc6 3. Bb5 a6 4. Ba4 d6 5. O-O Nf6 6. c3 Bd7 7. Re1 Be7 8. d4
O-O 9. Nbd2 Re8 10. a3 Bf8 11. Bc2 g6 12. Bd3 h6 13. d5 Ne7 14. Nc4 Nexd5 15.
exd5 e4 16. Bf1 exf3 17. Rxe8 Qxe8 18. Qxf3 Qe7 19. Bd2 Re8 20. Re1 Ne4 21. Bf4
Ng5 22. Qe2 Qxe2 23. Rxe2 Rxe2 24. Bxe2 Ne4 25. Na5 Bc8 26. f3 Nc5 1/2-1/2

[Event "MCRE_CF15"]
[Site "?"]
[Date "2007.??.??"]
[Round "2"]
[White "Volf, Michal"]
[Black "Berko, Michal"]
[Result "1/2-1/2"]
[WhiteElo "1893"]
[BlackElo "2045"]
[PlyCount "43"]
[EventDate "2007.??.??"]
[SourceDate "2007.05.01"]

1. e4 e5 2. Nf3 Nf6 3. Nxe5 d6 4. Nf3 Nxe4 5. Qe2 Qe7 6. d3 Nf6 7. Bg5 Qxe2+ 8.
Bxe2 Be7 9. Nc3 h6 10. Bf4 Nc6 11. O-O-O Be6 12. d4 g5 13. Be3 Nb4 14. a3 Nbd5
15. Nxd5 Nxd5 16. Bd2 Nb6 17. Rhe1 g4 18. Ng1 O-O-O 19. Bd3 Bh4 20. Ne2 Bxf2
21. Rf1 Bh4 22. Nf4 1/2-1/2

[Event "MCRE_CF15"]
[Site "?"]
[Date "2007.??.??"]
[Round "1"]
[White "Volf, Michal"]
[Black "Cernovsky, Karel"]
[Result "0-1"]
[WhiteElo "1893"]
[BlackElo "1600"]
[PlyCount "70"]
[EventDate "2007.??.??"]
[SourceDate "2007.05.01"]

1. e4 e5 2. Nc3 Nf6 3. f4 d5 4. fxe5 Nxe4 5. Nf3 Be7 6. d4 c5 7. Bb5+ Nc6 8.
O-O O-O 9. Ne2 Qb6 10. Bd3 c4 11. Bxe4 dxe4 12. Ng5 Bg4 13. Kh1 f6 14. exf6
Rxf6 15. Rxf6 Bxf6 16. h3 Bh5 17. Nxe4 Bxd4 18. N4g3 Rd8 19. Qf1 Rf8 20. Nf4
Bf7 21. c3 Bf6 22. Qf3 Re8 23. Ne4 Be7 24. a4 Ne5 25. Qf1 h6 26. a5 Qc6 27. Ng3
Bc5 28. Bd2 g5 29. Nfe2 Bd5 30. Nd4 Bxd4 31. cxd4 Nd3 32. Qg1 Qc7 33. Qh2 Nxb2
34. Bc3 Nd3 35. Rf1 Nf4 0-1

[Event "MCRE_CF15"]
[Site "?"]
[Date "2007.??.??"]
[Round "2"]
[White "Volf, Michal"]
[Black "Koehler, Josef"]
[Result "0-1"]
[WhiteElo "1893"]
[BlackElo "2176"]
[PlyCount "128"]
[EventDate "2007.??.??"]
[SourceDate "2007.05.01"]

1. e4 c5 2. f4 d5 3. exd5 Qxd5 4. Nc3 Qd8 5. Nf3 Nf6 6. Ne5 e6 7. b3 Be7 8. Bb2
O-O 9. Bd3 g6 10. Qf3 Nbd7 11. O-O-O Nxe5 12. fxe5 Nd5 13. h4 Nxc3 14. Bxc3 f5
15. g4 Rb8 16. h5 g5 17. gxf5 c4 18. Be4 Rxf5 19. Bxf5 exf5 20. d4 cxd3 21.
Rxd3 Qb6 22. Rhd1 Be6 23. Bd4 Qc6 24. Qxc6 bxc6 25. Rc3 Ba3+ 26. Kb1 Bd5 27.
Bxa7 Rb5 28. Rg3 h6 29. Bd4 f4 30. Rgg1 Be6 31. Bb2 Bxb2 32. Kxb2 Rxe5 33. Rd6
f3 34. Rd3 Rf5 35. a4 Kf7 36. a5 g4 37. Ra1 Bc8 38. Rd8 Ba6 39. Rh8 g3 40. Rh7+
Ke6 41. Rxh6+ Rf6 42. Rh7 g2 43. Rg7 Bf1 44. a6 f2 45. a7 Rf8 46. Rg6+ Ke5 47.
Ra5+ Bb5 48. Rg5+ Kf4 49. Rxg2 f1=Q 50. Rg6 Qe2 51. a8=Q Rxa8 52. Rxa8 Qxh5 53.
Rag8 Qe5+ 54. c3 Qe2+ 55. Ka3 Qe7+ 56. Kb2 Qd7 57. Rg4+ Ke3 58. Rg3+ Kd2 59.
R8g7 Qd5 60. R3g5 Qd8 61. R5g6 Be2 62. Rxc6 Qd3 63. Rgg6 Qc2+ 64. Ka3 Qb1 0-1

[Event "MCRE_CF15"]
[Site "?"]
[Date "2007.??.??"]
[Round "2"]
[White "Volf, Michal"]
[Black "Nigrin, Jiri"]
[Result "0-1"]
[WhiteElo "1893"]
[BlackElo "2002"]
[PlyCount "82"]
[EventDate "2007.??.??"]
[SourceDate "2007.05.01"]

1. e4 Nc6 2. d4 e5 3. d5 Nce7 4. c4 Nf6 5. Nc3 Ng6 6. Nf3 a5 7. Bd3 Bc5 8. O-O
O-O 9. Na4 Ba7 10. Bg5 d6 11. Qb3 Bd7 12. Rac1 h6 13. Bd2 Qe8 14. Nc3 Bc5 15.
a4 Bg4 16. Be2 Nf4 17. Bxf4 exf4 18. h3 Bxf3 19. Bxf3 Qe7 20. Qxb7 Rfb8 21. Qc6
Qd8 22. Nb5 Ne8 23. Bg4 h5 24. Bf5 g6 25. Bd7 Rb6 26. Bxe8 Rxc6 27. Bxc6 f3 28.
gxf3 Rb8 29. Rc2 Qg5+ 30. Kh1 f5 31. Nc3 Qf4 32. Kg2 Rf8 33. Re1 fxe4 34. Nxe4
Qxf3+ 35. Kh2 Rf5 36. Nxc5 Rg5 37. Rg1 Rxg1 38. Kxg1 Qd1+ 39. Kg2 Qxc2 40. Ne6
Qe4+ 41. Kg1 Qxc4 0-1

[Event "MCRE_CF15"]
[Site "?"]
[Date "2007.??.??"]
[Round "2"]
[White "Volf, Michal"]
[Black "Pirhala, Ladislav"]
[Result "1/2-1/2"]
[WhiteElo "1893"]
[BlackElo "2120"]
[PlyCount "53"]
[EventDate "2007.??.??"]
[SourceDate "2007.05.01"]

1. e4 c6 2. d4 d5 3. exd5 cxd5 4. Bd3 Nc6 5. c3 Nf6 6. Bf4 Bg4 7. Qb3 Na5 8.
Qa4+ Bd7 9. Qc2 Qb6 10. Nf3 e6 11. a4 Qb3 12. Qe2 Rc8 13. O-O Be7 14. Ne5 a6
15. Re1 h6 16. Na3 Qb6 17. Bc2 Qd8 18. Qf3 Nc6 19. Bd3 Nxe5 20. dxe5 Ne4 21.
Bxe4 dxe4 22. Qxe4 Bc6 23. Qc2 Qd5 24. f3 O-O 25. Kh1 Rfd8 26. Rad1 Qa2 27. Ra1
1/2-1/2

[Event "MCRE_CF15"]
[Site "?"]
[Date "2007.??.??"]
[Round "2"]
[White "Volf, Michal"]
[Black "Stika, Vaclav"]
[Result "1/2-1/2"]
[WhiteElo "1893"]
[BlackElo "2150"]
[PlyCount "50"]
[EventDate "2007.??.??"]
[SourceDate "2007.05.01"]

1. e4 c5 2. Nf3 d6 3. d4 cxd4 4. Nxd4 Nf6 5. Nc3 a6 6. Be2 e5 7. Nb3 Be7 8. O-O
O-O 9. Be3 Be6 10. f4 Qc7 11. Nd5 Nxd5 12. exd5 Bf5 13. c4 exf4 14. Bxf4 Nd7
15. Rc1 Qb6+ 16. Qd4 Qxd4+ 17. Nxd4 Bg6 18. Rcd1 Rfe8 19. Bd3 Bxd3 20. Rxd3 Ne5
21. Rb3 Nxc4 22. Rxb7 Bf6 23. Nc6 Re2 24. Rf2 Re1+ 25. Rf1 Re2 1/2-1/2